Szczegóły MARC21

Le théâtre moderne. 2, Depuis la deuxième guerre mondiale : [actes des deux rencontres internationales organisées par le CNRS à Pont-à-Mousson et à Royaumont, en 1966] /

003 -Nazwa inst., której nr kontr. jest w polu 001 [,]
    • @
    • Nazwa instytucji, której n kontrolny jest w polu 001
    • NUKAT
005 -DATA I CZAS OSTATNIEJ MODYFIKACJI [,]
    • @
    • pole kontrolne
    • 20241231102821.0
040 -Instytucja sporządzająca opis [ , ]
    • a
    • Instytucja, która sporządziła opis (NP)
    • WA U/71MSZ
    • c
    • Instytucja, która sporządziła rekord (NP)
    • WA U/MSZ
    • d
    • Instytucja, która zmodyfikowała rekord (P)
    • WA U/JOK
942 -Rodzaj dokumentu [ , ]
    • c
    • Rodzaj dokumentu
    • Książka
245 -Strefa tytułu i oznaczenia odpowiedzialności [0,3]
    • a
    • Tytuł
    • Le théâtre moderne. Find
    • n
    • Oznaczenie części (P)
    • 2,
    • p
    • Nazwa części (P)
    • Depuis la deuxième guerre mondiale : [actes des deux rencontres internationales organisées par le CNRS à Pont-à-Mousson et à Royaumont, en 1966] /
    • c
    • Pozostałe elementy strefy tytułu i oznaczenia odpowiedzialności (NP)
    • études de J. Robichez [et al.] ; réunies et présentées par Jean Jacquot.
260 -Strefa adresu wydawniczego [ , ]
    • a
    • Miejsce wydania (P)
    • Paris :
    • b
    • Nazwa wydawcy (P)
    • Centre national de la recherche scientifique,
    • c
    • Data wydania (P)
    • 1967.
300 -Strefa opisu fizycznego [ , ]
    • a
    • Określenie formy książki i/lub objętość (NP)
    • 344 s., [16] k. tabl. ;
    • c
    • Format (NP)
    • 23 cm.
336 -Typ zawartości [ , ]
    • a
    • Termin opisujący typ zawartości
    • Tekst
    • b
    • Kod określający zawartość
    • txt
    • 2
    • Źródło (terminu i kodu)
    • rdacontent
337 -Typ mediów [ , ]
    • a
    • Tryb odtwarzania
    • Bez urządzenia pośredniczącego
    • b
    • Kod typu mediów
    • n
    • 2
    • Źródło (terminu i kodu)
    • rdamedia
338 -Typ/rodzaj nośnika [ , ]
    • a
    • Hasło opisujące typ nośnika
    • Wolumin
    • b
    • Kod typu nośnika
    • nc
    • 2
    • Źródło (terminu i kodu)
    • rdacarrier
490 -Strefa serii i książki wielotomowej - forma nie do wyszukiwania [1, ]
    • a
    • Tytuł (P)
    • Collection Le Choeur des Muses Find
830 -Hasło dodatkowe serii i opisu książki wielotomowej - tytuł ujednolicony/tytuł [ ,0]
    • a
    • Tytuł ujednolicony/tytuł (NP)
    • Collection Le Choeur des Muses
    • x
    • ISSN
    • 0768-150X
    • 9
    • KHW
    • 647339
080 -Uniwersalna Klasyfikacja Dziesiętna [ , ]
    • 2
    • Identyfikator wydania tablic
    • UDC-P058
    • 9
    • UKD
    • 47438
    • a
    • Symbol klasyfikacji
    • 792(091)
    • b
    • Dopowiedzenie
    • Historia teatru.
    • 4
    • UKD2
    • 7641
    • x
    • Poddział wspólny
    • (061)
    • c
    • Dopowiedzenie poddz. wspólnego
    • (Wydawnictwa odnoszące się do konferencji, zjazdów itd. Sprawozdania z konferencji).
    • 4
    • UKD2
    • 7653
    • x
    • Poddział wspólny
    • =133.1
    • c
    • Dopowiedzenie poddz. wspólnego
    • =Język francuski.
    • 4
    • UKD2
    • 8230
    • x
    • Poddział wspólny
    • "19"
    • c
    • Dopowiedzenie poddz. wspólnego
    • Wiek XX.
080 -Uniwersalna Klasyfikacja Dziesiętna [ , ]
    • 2
    • Identyfikator wydania tablic
    • UDC-P058
    • 9
    • UKD
    • 6240
    • a
    • Symbol klasyfikacji
    • 792.01:111.852
    • b
    • Dopowiedzenie
    • Estetyka teatru.
    • 4
    • UKD2
    • 7641
    • x
    • Poddział wspólny
    • (061)
    • c
    • Dopowiedzenie poddz. wspólnego
    • (Wydawnictwa odnoszące się do konferencji, zjazdów itd. Sprawozdania z konferencji).
    • 4
    • UKD2
    • 7653
    • x
    • Poddział wspólny
    • =133.1
    • c
    • Dopowiedzenie poddz. wspólnego
    • =Język francuski.
    • 4
    • UKD2
    • 8070
    • x
    • Poddział wspólny
    • (44)
    • c
    • Dopowiedzenie poddz. wspólnego
    • (Francja).
650 -Hasło przedmiotowe [ ,7]
    • a
    • Hasło przedmiotowe
    • Teatr
    • y
    • Określnik chronologiczny
    • 1945-
    • v
    • Określnik formalny
    • konferencje.
    • 2
    • Źródło terminu
    • kaba
    • 9
    • KHW
    • 647492
980 -Symbol UKD [ , ]
    • a
    • UKD
    • 792(091)"19":792.01:111.852(44)](061)
700 -Hasło dodatkowe - nazwa osobowa [1, ]
    • a
    • Nazwa osobowa (NP)
    • Robichez, Jacques Find
    • d
    • Daty biograficzne (NP)
    • (1914- ).
    • 9
    • KHW
    • 51842
700 -Hasło dodatkowe - nazwa osobowa [1, ]
    • a
    • Nazwa osobowa (NP)
    • Jacquot, Jean Find
    • d
    • Daty biograficzne (NP)
    • (1909-1983).
    • e
    • Określenie rodzaju współpracy
    • Red.
    • 9
    • KHW
    • 547134
Sygnatura Numer inwentarzowy Status udost. Lokalizacja Data inwentaryzacji
FR. Kulturoznawstwo 17P.232581BM2013-01-23